000 00624nam a2200229Ia 4500
003 OSt
005 20221006164955.0
006 a|||||r|||| 00| 0
007 ta
008 221006b |||||||| |||| 00| 0 eng d
024 _a1,293
037 _cTextual
040 _aFML
_cFML
_beng
041 _2eng
_aeng
082 _aO157,1M61, 111K1
100 _aKulashrestha Mahendra Au.
_9678797
245 0 _aTagore Centenary Volume
260 _aHoshiyarpur
_bU U R I
_c1961
300 _a26, 390
_ccm.
942 _hO157,1M61, 111K1
_cTEXL
_2CC
999 _c1119139
_d1119139